[Event "Regionalliga Nord-West 1718"]
[Site "Bayern"]
[Date "2017.11.12"]
[Round "2.2"]
[White "Koch, Christian1111"]
[Black "Koeniger, Matthias"]
[Result "1/2-1/2"]
[WhiteElo "1974"]
[BlackElo "2053"]
[PlyCount "24"]
[EventDate "2017.10.22"]
[EventType "team-tourn"]
[EventRounds "9"]
[EventCountry "GER"]
[SourceTitle "EXT 2022"]
[Source "ChessBase"]
[SourceDate "2021.10.06"]
[SourceVersion "1"]
[SourceVersionDate "2021.10.06"]
[SourceQuality "1"]
[WhiteTeam "Hoechstadt/Aisch"]
[BlackTeam "Rottendorf"]
[WhiteTeamCountry "GER"]
[BlackTeamCountry "GER"]

1. e4 e6 2. Nc3 d5 3. g3 dxe4 4. Nxe4 Bd7 5. Nf3 Bc6 6. Qe2 Nf6 7. d3 Nbd7 8. Bg2 Nxe4 9. dxe4 e5 10. Bd2 Be7 11. Bc3 Bf6 12. 0-0-0 Qe7 1/2-1/2

[Event "Regionalliga NW 1617"]
[Site "Bayern"]
[Date "2017.04.30"]
[Round "9.2"]
[White "Koeniger, Matthias"]
[Black "Shashkin, Igor"]
[Result "1/2-1/2"]
[WhiteElo "2050"]
[BlackElo "2042"]
[PlyCount "41"]
[EventDate "2016.10.16"]
[EventType "team-tourn"]
[EventRounds "9"]
[EventCountry "GER"]
[SourceTitle "EXT 2019"]
[Source "ChessBase"]
[SourceDate "2018.10.10"]
[SourceVersion "1"]
[SourceVersionDate "2018.10.10"]
[SourceQuality "1"]
[WhiteTeam "Rottendorf"]
[BlackTeam "Hof PTSV"]
[WhiteTeamCountry "GER"]
[BlackTeamCountry "GER"]

1. e4 e6 2. d3 d5 3. Nd2 e5 4. g3 Be6 5. Bg2 Nd7 6. Ne2 Bd6 7. 0-0 Ne7 8. f4 exf4 9. Nxf4 0-0 10. exd5 Bxd5 11. Nxd5 Nxd5 12. Ne4 Be7 13. Kh1 N7f6 14. Nxf6+ Bxf6 15. c3 Qd7 16. d4 Rae8 17. Qd3 Re7 18. Bd2 Rfe8 19. Rae1 Rxe1 20. Rxe1 Rxe1+ 21. Bxe1 1/2-1/2

[Event "Regionalliga NW 1617"]
[Site "Bayern"]
[Date "2017.03.19"]
[Round "7.2"]
[White "Koeniger, Matthias"]
[Black "Susallek, Markus"]
[Result "1-0"]
[WhiteElo "2050"]
[BlackElo "1873"]
[PlyCount "85"]
[EventDate "2016.10.16"]
[EventType "team-tourn"]
[EventRounds "9"]
[EventCountry "GER"]
[SourceTitle "EXT 2019"]
[Source "ChessBase"]
[SourceDate "2018.10.10"]
[SourceVersion "1"]
[SourceVersionDate "2018.10.10"]
[SourceQuality "1"]
[WhiteTeam "Rottendorf"]
[BlackTeam "Moembris"]
[WhiteTeamCountry "GER"]
[BlackTeamCountry "GER"]

1. Nf3 d5 2. g3 Nf6 3. Bg2 g6 4. 0-0 Bg7 5. c4 c6 6. d4 0-0 7. Nc3 Nbd7 8. cxd5 cxd5 9. Re1 Nb6 10. a4 Bf5 11. Nh4 Be6 12. Nf3 Nc4 13. Ng5 Bf5 14. b3 Na5 15. Ba3 h6 16. Nh3 Qc8 17. Nxd5 Nxd5 18. Bxd5 Bxh3 19. Bxe7 Re8 20. Bb4 Qd7 21. e4 Nc6 22. Bc3 Rad8 23. Ra2 Ne7 24. Bc4 Bxd4 25. Rd2 Bxc3 26. Rxd7 Rxd7 27. Qf3 Nd5 28. Rc1 Bb2 29. Rd1 Nf6 30. Rxd7 Bxd7 31. Qd3 Rxe4 32. f3 Re8 33. Qxg6+ Kh8 34. Qxh6+ Nh7 35. Qd2 Bc6 36. Qxb2+ Kg8 37. Qc2 Kg7 38. Bxf7 Rf8 39. Qg6+ Kh8 40. Qe6 Kg7 41. Qg6+ Kh8 42. f4 Rd8 43. h4 1-0

[Event "Regionalliga NW 1617"]
[Site "Bayern"]
[Date "2017.02.05"]
[Round "5.2"]
[White "Koeniger, Matthias"]
[Black "Siepelt, Heiner"]
[Result "1/2-1/2"]
[WhiteElo "2050"]
[BlackElo "2250"]
[PlyCount "99"]
[EventDate "2016.10.16"]
[EventType "team-tourn"]
[EventRounds "9"]
[EventCountry "GER"]
[SourceTitle "EXT 2019"]
[Source "ChessBase"]
[SourceDate "2018.10.10"]
[SourceVersion "1"]
[SourceVersionDate "2018.10.10"]
[SourceQuality "1"]
[WhiteTeam "Rottendorf"]
[BlackTeam "Wuerzburg"]
[WhiteTeamCountry "GER"]
[BlackTeamCountry "GER"]

1. d4 Nf6 2. Bg5 g6 3. Bxf6 exf6 4. e3 Bg7 5. Bd3 f5 6. Nd2 d6 7. Ne2 0-0 8. h4 h6 9. c3 c6 10. Nf4 a5 11. Qf3 a4 12. h5 g5 13. Ne2 Qf6 14. Nc4 Ra6 15. Kf1 b5 16. Nd2 Re8 17. g4 fxg4 18. Qxf6 Bxf6 19. Ng3 Rb6 20. Rg1 c5 21. a3 Nc6 22. Nf5 Bxf5 23. Bxf5 Na5 24. Rxg4 cxd4 25. exd4 d5 26. Rg2 Nc4 27. Nxc4 bxc4 28. Rb1 Re7 29. Rg3 Reb7 30. Bc8 Rc7 31. Bf5 Be7 32. Bc2 Rcb7 33. Bxa4 Bxa3 34. Re3 Bxb2 35. Bd1 Ba3 36. Rxb6 Rxb6 37. Bf3 Rd6 38. Re5 Bb2 39. Bxd5 Bxc3 40. Rf5 Rd7 41. Bxc4 Bxd4 42. Rd5 Rxd5 43. Bxd5 Kg7 44. Kg2 f5 45. f3 Kf6 46. Bc6 Ke5 47. Bd7 Kf4 48. Be8 g4 49. fxg4 Kxg4 50. Kf1 1/2-1/2

[Event "Regionalliga NW 1617"]
[Site "Bayern"]
[Date "2017.01.15"]
[Round "4.2"]
[White "Kuhn, Tobias"]
[Black "Koeniger, Matthias"]
[Result "1/2-1/2"]
[WhiteElo "2144"]
[BlackElo "2050"]
[PlyCount "71"]
[EventDate "2016.10.16"]
[EventType "team-tourn"]
[EventRounds "9"]
[EventCountry "GER"]
[SourceTitle "EXT 2019"]
[Source "ChessBase"]
[SourceDate "2018.10.10"]
[SourceVersion "1"]
[SourceVersionDate "2018.10.10"]
[SourceQuality "1"]
[WhiteTeam "Klingenberg/Main"]
[BlackTeam "Rottendorf"]
[WhiteTeamCountry "GER"]
[BlackTeamCountry "GER"]

1. d4 d6 2. Nf3 Bg4 3. h3 Bxf3 4. exf3 c6 5. Bd3 e6 6. 0-0 g6 7. Bf4 Bg7 8. c3 d5 9. Nd2 Ne7 10. Qb3 Qd7 11. Rfe1 0-0 12. Nf1 b6 13. Qa3 Rc8 14. Bd6 Re8 15. Ne3 Nc8 16. Bg3 Qe7 17. Qb3 Nd7 18. a4 Nd6 19. Qa3 Nf5 20. Qxe7 Nxe7 21. Ba6 c5 22. Bb5 Red8 23. Bc7 Rdc8 24. Bd6 Nc6 25. Ba6 cxd4 26. Bxc8 Rxc8 27. cxd4 Nxd4 28. Rab1 Nb3 29. Re2 Rc6 30. Ba3 a5 31. Rd1 h5 32. Rc2 Ndc5 33. Kf1 d4 34. Bxc5 dxe3 35. Rd8+ Kh7 36. fxe3 1/2-1/2

[Event "Landesliga Nord 1516"]
[Site "Bayern"]
[Date "2016.03.13"]
[Round "8.2"]
[White "Huemmer, Bernd"]
[Black "Koeniger, Matthias"]
[Result "1/2-1/2"]
[WhiteElo "2121"]
[BlackElo "2050"]
[PlyCount "96"]
[EventDate "2015.10.11"]
[EventType "team-tourn"]
[EventRounds "9"]
[EventCountry "GER"]
[SourceTitle "EXT 2018"]
[Source "ChessBase"]
[SourceDate "2017.10.13"]
[SourceVersion "1"]
[SourceVersionDate "2017.10.13"]
[SourceQuality "1"]
[WhiteTeam "Forchheim II"]
[BlackTeam "Rottendorf"]
[WhiteTeamCountry "GER"]
[BlackTeamCountry "GER"]

1. c4 Nc6 2. Nc3 e5 3. Nf3 Nf6 4. e4 Bc5 5. Nxe5 Nxe5 6. d4 Bxd4 7. Qxd4 Nc6 8. Qd1 d6 9. Be2 Be6 10. Be3 h6 11. 0-0 Qd7 12. f3 a6 13. Nd5 Qd8 14. Rc1 0-0 15. Qd2 Nh7 16. Rfd1 b6 17. b4 a5 18. a3 axb4 19. axb4 Ne5 20. Qc3 Ra2 21. Rc2 Rxc2 22. Qxc2 Nf6 23. Nf4 Qd7 24. Nd5 Qd8 25. h3 Ned7 26. Nf4 Re8 27. Bf2 Qa8 28. Qc3 Qc6 29. b5 Qb7 30. Ra1 Ra8 31. Ra3 Ne5 32. Nxe6 fxe6 33. Qa1 Rxa3 34. Qxa3 Ned7 35. Kh2 e5 36. h4 Qb8 37. g3 Kf7 38. Bf1 Nc5 39. Bxc5 bxc5 40. Bh3 Ke7 41. Bf5 Nd7 42. Bxd7 Kxd7 43. Qa6 h5 44. Qc6+ Ke7 45. Kh3 Qa7 46. Qa6 Qb8 47. Qc6 Qa7 48. Qd5 Qa1 1/2-1/2

[Event "Landesliga Nord 1516"]
[Site "Bayern"]
[Date "2016.01.17"]
[Round "5.4"]
[White "Priborsky, Marek"]
[Black "Koeniger, Matthias"]
[Result "1/2-1/2"]
[WhiteElo "2130"]
[BlackElo "2050"]
[PlyCount "25"]
[EventDate "2015.10.11"]
[EventType "team-tourn"]
[EventRounds "9"]
[EventCountry "GER"]
[SourceTitle "EXT 2018"]
[Source "ChessBase"]
[SourceDate "2017.10.13"]
[SourceVersion "1"]
[SourceVersionDate "2017.10.13"]
[SourceQuality "1"]
[WhiteTeam "Bad Koetzting"]
[BlackTeam "Rottendorf"]
[WhiteTeamCountry "GER"]
[BlackTeamCountry "GER"]

1. e4 c5 2. c3 d5 3. exd5 Qxd5 4. d4 Nf6 5. Nf3 e6 6. Bd3 Be7 7. 0-0 0-0 8. Qe2 Qh5 9. dxc5 Bxc5 10. Nbd2 Nbd7 11. Re1 b6 12. Ne4 Bb7 13. Rd1 1/2-1/2

[Event "Regionalliga NW 1415"]
[Site "Bayern"]
[Date "2015.02.01"]
[Round "6.4"]
[White "Koeniger, Matthias"]
[Black "Nuernberger, Stefan"]
[Result "1/2-1/2"]
[WhiteElo "2050"]
[BlackElo "1986"]
[PlyCount "33"]
[EventDate "2014.10.19"]
[EventType "team-tourn"]
[EventRounds "9"]
[EventCountry "GER"]
[SourceTitle "EXT 2018"]
[Source "ChessBase"]
[SourceDate "2017.10.13"]
[SourceVersion "1"]
[SourceVersionDate "2017.10.13"]
[SourceQuality "1"]
[WhiteTeam "Rottendorf"]
[BlackTeam "Marktleuthen"]
[WhiteTeamCountry "GER"]
[BlackTeamCountry "GER"]

1. e4 d6 2. d4 Nf6 3. Nc3 g6 4. Nf3 Bg7 5. Be2 0-0 6. 0-0 c6 7. a4 a5 8. h3 Na6 9. Bxa6 Rxa6 10. Re1 Qc7 11. Be3 e5 12. dxe5 dxe5 13. Qe2 Re8 14. Bc5 Bf8 15. Bxf8 Kxf8 16. Qe3 Kg7 17. Rad1 1/2-1/2

[Event "Regionalliga NW 1314"]
[Site "Bayern"]
[Date "2014.04.06"]
[Round "9.3"]
[White "Koeniger, Matthias"]
[Black "Sibl, Vaclav"]
[Result "1-0"]
[WhiteElo "2039"]
[BlackElo "1918"]
[PlyCount "21"]
[EventDate "2013.10.13"]
[EventType "team-tourn"]
[EventRounds "9"]
[EventCountry "GER"]
[SourceTitle "EXT 2015"]
[Source "ChessBase"]
[SourceDate "2014.11.20"]
[SourceVersion "1"]
[SourceVersionDate "2014.11.20"]
[SourceQuality "1"]
[WhiteTeam "Rottendorf"]
[BlackTeam "Thiersheim"]
[WhiteTeamCountry "GER"]
[BlackTeamCountry "GER"]

1. d4 d6 2. e4 Nf6 3. Nc3 e5 4. Nf3 Nbd7 5. Bc4 Be7 6. h3 0-0 7. Bb3 exd4 8. Qxd4 c6 9. 0-0 Qc7 10. Bf4 Nc5 11. Qxc5 1-0

[Event "Regionalliga NW 1314"]
[Site "Bayern"]
[Date "2014.02.23"]
[Round "7.3"]
[White "Ziegler, Michael"]
[Black "Koeniger, Matthias"]
[Result "1/2-1/2"]
[WhiteElo "2106"]
[BlackElo "2039"]
[PlyCount "40"]
[EventDate "2013.10.13"]
[EventType "team-tourn"]
[EventRounds "9"]
[EventCountry "GER"]
[SourceTitle "EXT 2015"]
[Source "ChessBase"]
[SourceDate "2014.11.20"]
[SourceVersion "1"]
[SourceVersionDate "2014.11.20"]
[SourceQuality "1"]
[WhiteTeam "Prichsenstadt"]
[BlackTeam "Rottendorf"]
[WhiteTeamCountry "GER"]
[BlackTeamCountry "GER"]

1. d4 d6 2. Nf3 Bg4 3. c4 Bxf3 4. exf3 c6 5. Nc3 Nf6 6. Be3 Nbd7 7. Qd2 e6 8. d5 Be7 9. Be2 0-0 10. 0-0 Re8 11. Rfd1 a6 12. Rac1 Bf8 13. h3 exd5 14. cxd5 c5 15. a4 g6 16. Bf4 Nb6 17. Bf1 Rc8 18. a5 Nbd7 19. Na4 Nh5 20. Bh2 Qh4 1/2-1/2

[Event "Regionalliga NW 1314"]
[Site "Bayern"]
[Date "2013.11.24"]
[Round "3.3"]
[White "Vogt, Thomas"]
[Black "Koeniger, Matthias"]
[Result "1/2-1/2"]
[WhiteElo "1936"]
[BlackElo "2039"]
[PlyCount "82"]
[EventDate "2013.10.13"]
[EventType "team-tourn"]
[EventRounds "9"]
[EventCountry "GER"]
[SourceTitle "EXT 2015"]
[Source "ChessBase"]
[SourceDate "2014.11.20"]
[SourceVersion "1"]
[SourceVersionDate "2014.11.20"]
[SourceQuality "1"]
[WhiteTeam "Wuerzburg II"]
[BlackTeam "Rottendorf"]
[WhiteTeamCountry "GER"]
[BlackTeamCountry "GER"]

1. d4 d5 2. Nf3 Nc6 3. Bf4 Bg4 4. e3 e6 5. Be2 Bd6 6. Bg3 Nge7 7. c4 a6 8. 0-0 0-0 9. Nbd2 Rb8 10. c5 Bxg3 11. hxg3 Ng6 12. a3 Re8 13. b4 e5 14. dxe5 Bxf3 15. Nxf3 Ngxe5 16. Qd2 Nxf3+ 17. Bxf3 Ne7 18. Rfd1 c6 19. a4 Ng6 20. Qb2 Qe7 21. Rac1 Kf8 22. Qc3 Qe5 23. Qd4 Ra8 24. Rb1 Qxd4 25. Rxd4 Ne5 26. b5 axb5 27. axb5 Ra5 28. e4 Nxf3+ 29. gxf3 dxe4 30. bxc6 bxc6 31. fxe4 Rxc5 32. Rb7 Rce5 33. Rdd7 R5e7 34. Rdc7 g5 35. f3 h5 36. Kg2 c5 37. Kf2 c4 38. Ke2 g4 39. Ke3 f5 40. Rxe7 Rxe7 41. Rb8+ Kg7 1/2-1/2

[Event "Regionalliga NW 1314"]
[Site "Bayern"]
[Date "2013.10.13"]
[Round "1.3"]
[White "Becker, Tobias"]
[Black "Koeniger, Matthias"]
[Result "1-0"]
[WhiteElo "2045"]
[BlackElo "2039"]
[PlyCount "119"]
[EventDate "2013.10.13"]
[EventType "team-tourn"]
[EventRounds "9"]
[EventCountry "GER"]
[SourceTitle "EXT 2015"]
[Source "ChessBase"]
[SourceDate "2014.11.20"]
[SourceVersion "1"]
[SourceVersionDate "2014.11.20"]
[SourceQuality "1"]
[WhiteTeam "Kronach"]
[BlackTeam "Rottendorf"]
[WhiteTeamCountry "GER"]
[BlackTeamCountry "GER"]

1. d4 d5 2. c4 c6 3. e3 e6 4. Nf3 Bd6 5. b3 f5 6. Bb2 Nf6 7. Bd3 0-0 8. Ne5 Qa5+ 9. Qd2 Qxd2+ 10. Nxd2 Nbd7 11. cxd5 cxd5 12. f3 Bb4 13. a3 Be7 14. Rc1 Nxe5 15. dxe5 Nd7 16. Bb5 Nb6 17. Kf2 Rb8 18. b4 a6 19. Bd3 Bd7 20. Bd4 Na8 21. Nb3 Rbc8 22. Bc5 Kf7 23. h3 g6 24. g4 Rg8 25. Rhg1 Bd8 26. f4 Bh4+ 27. Ke2 Be7 28. g5 h6 29. h4 hxg5 30. hxg5 Rh8 31. Rh1 Rce8 32. Nd4 Rc8 33. Bxe7 Kxe7 34. Rxc8 Rxc8 35. Rh7+ Ke8 36. Rg7 Nc7 37. Rxg6 Kf7 38. Rh6 Rg8 39. Nb3 Rg6 40. Rh1 Rg8 41. Nc5 Bc8 42. Kf2 Kg7 43. Rc1 Na8 44. a4 Rh8 45. Kg3 Kf7 46. a5 Ke7 47. Be2 Kf7 48. Rb1 Nc7 49. b5 axb5 50. Bxb5 d4 51. exd4 Nd5 52. Bc4 Nc3 53. Rc1 Nd5 54. Bxd5 exd5 55. Nxb7 Bxb7 56. Rc7+ Kg6 57. Rxb7 Rh1 58. Rb6+ Kg7 59. Rd6 Rg1+ 60. Kf2 1-0